| 000 | 00504nam a22001937a 4500 | ||
|---|---|---|---|
| 003 | CEME | ||
| 005 | 20210628203237.0 | ||
| 008 | 210203b xxu||||| |||| 00| 0 eng d | ||
| 020 | _a9788131724859 | ||
| 040 | _c. | ||
| 082 | _a658.4012 DAV | ||
| 100 |
_aDavid, Fred R _964236 |
||
| 245 | _aStrategic management , concepts and cases | ||
| 250 | _a12TH | ||
| 260 |
_aINDIA _bPEARSON EDUCATION _c2009 |
||
| 300 | _a695P | ||
| 650 |
_aSTRATEGIC MANAGEMENT-CONCEPTS AND CASES _964237 |
||
| 942 |
_cBK _2ddc |
||
| 999 |
_c572800 _d572800 |
||